000 00527nam a22001937a 4500
999 _c6491
_d6491
003 GBCCL
005 20241126110604.0
008 180516b ||||| |||| 00| 0 eng d
020 _a0851110487
040 _cgbc
082 _a231.8
_bTAS
100 _aTasker, R. V. G.
_911621
245 _aThe Biblical doctrine of the wrath of God /
_cR. V. G. Tasker
250 _aReprinted
260 _aLondon:
_bTyndale Press,
_c1970
300 _a48 p.;
_c21 cm.
650 _aGod
_vWrath
_xBiblical teaching
_911622
942 _2ddc
_cBK
_01